000 00315nam a2200133Ia 4500
008 150301s2015 xx 000 0 und d
082 _a615.5
_bE07S
100 _aSINGHAL, K.C
245 _aESSENTIALS OF PHARMCO-THERAPEUTICS
260 _bCBS- DELHI
300 _a150
650 _aPHARMACEUTICS
942 _2ddc
_cBK
999 _c7381
_d7381